Annual conference on soil mechanics and foundation engineering.

Bibliographic Details
New Title:Conference proceedings.
Corporate Author: University of Minnesota. Department of Conferences
Format: Serial
Language:English
Published: Minneapolis : Dept. of Conferences, Continuing Education and Extension, Nolte Center for Continuing Education, University of Minnesota.
Subjects:

MARC

Tag First Indicator Second Indicator Subfields
LEADER 00000cas a2200000 4500
001 in00000084560
005 20151008053149.0
008 800515d19531988mnuar 1uuua0eng d
035 |a (OCoLC)06321499 
035 |9 AAH6479AM 
040 |a TXA  |c TXA  |d UtOrBLW 
049 |a TXAE 
090 |a TA710  |b .A6 
245 0 0 |a Annual conference on soil mechanics and foundation engineering. 
246 1 0 |a Annual soils conference  |f 1957-19[58] 
246 1 0 |a Soil mechanics and foundation engineering... annual conference.  |f 1979-1981, 1985-1988 
246 1 0 |a Annual soil mechanics and foundation engineering conference proceedings  |f 1982-1984 
264 1 |a Minneapolis :  |b Dept. of Conferences, Continuing Education and Extension, Nolte Center for Continuing Education, University of Minnesota. 
300 |a 36 volumes :  |b illustrations 
336 |a text  |b txt  |2 rdacontent 
337 |a unmediated  |b n  |2 rdamedia 
338 |a volume  |b nc  |2 rdacarrier 
362 0 |a 1st -36th ; 1953-Feb. 2, (1988). 
500 |a Title varies slightly. 
650 0 |a Soil mechanics  |v Congresses. 
650 0 |a Foundations  |v Congresses. 
710 2 |a University of Minnesota.  |b Department of Conferences. 
785 0 0 |t Conference proceedings.  |w (OCoLC)23109282 
948 |a T1 
999 |a MARS 
999 f f |s 56eac24e-cf7f-326d-b87e-fc0ad40ed07c  |i 7b53e671-b4d0-38b7-959f-be981551975d  |t 0 
952 f f |p ric  |a Texas A&M University  |b Rellis Campus  |c Joint Library Facility  |d Remote Storage  |t 0  |e TA710 .A6  |h Library of Congress classification  |i unmediated -- volume  |k 9th  |l 1961  |m A14807827044 
952 f f |p ric  |a Texas A&M University  |b Rellis Campus  |c Joint Library Facility  |d Remote Storage  |t 0  |e TA710 .A6  |h Library of Congress classification  |i unmediated -- volume  |k 6th  |l 1958  |m A14807827036 
952 f f |p ric  |a Texas A&M University  |b Rellis Campus  |c Joint Library Facility  |d Remote Storage  |t 0  |e TA710 .A6  |h Library of Congress classification  |i unmediated -- volume  |k 3rd  |l 1955  |m A14807827010 
952 f f |p ric  |a Texas A&M University  |b Rellis Campus  |c Joint Library Facility  |d Remote Storage  |t 0  |e TA710 .A6  |h Library of Congress classification  |i unmediated -- volume  |k 30th  |l 1982  |m A14811138790 
952 f f |p ric  |a Texas A&M University  |b Rellis Campus  |c Joint Library Facility  |d Remote Storage  |t 0  |e TA710 .A6  |h Library of Congress classification  |i unmediated -- volume  |k 25th  |l 1977  |m A14807510126 
952 f f |p ric  |a Texas A&M University  |b Rellis Campus  |c Joint Library Facility  |d Remote Storage  |t 0  |e TA710 .A6  |h Library of Congress classification  |i unmediated -- volume  |k 35th  |l 1987  |m A14810004207 
952 f f |p ric  |a Texas A&M University  |b Rellis Campus  |c Joint Library Facility  |d Remote Storage  |t 0  |e TA710 .A6  |h Library of Congress classification  |i unmediated -- volume  |k 5th  |l 1957  |m A14807827028 
952 f f |p ric  |a Texas A&M University  |b Rellis Campus  |c Joint Library Facility  |d Remote Storage  |t 0  |e TA710 .A6  |h Library of Congress classification  |i unmediated -- volume  |k 22nd  |l 1974  |m A14809492887 
952 f f |p ric  |a Texas A&M University  |b Rellis Campus  |c Joint Library Facility  |d Remote Storage  |t 0  |e TA710 .A6  |h Library of Congress classification  |i unmediated -- volume  |k 29th  |l 1981  |m A14806451866 
952 f f |p ric  |a Texas A&M University  |b Rellis Campus  |c Joint Library Facility  |d Remote Storage  |t 0  |e TA710 .A6  |h Library of Congress classification  |i unmediated -- volume  |k 33rd  |l 1985  |m A14808247417 
952 f f |p ric  |a Texas A&M University  |b Rellis Campus  |c Joint Library Facility  |d Remote Storage  |t 0  |e TA710 .A6  |h Library of Congress classification  |i unmediated -- volume  |k 31st  |l 1983  |m A14811302674 
952 f f |p ric  |a Texas A&M University  |b Rellis Campus  |c Joint Library Facility  |d Remote Storage  |t 0  |e TA710 .A6  |h Library of Congress classification  |i unmediated -- volume  |k 36th  |l 1988  |m A14811247175 
952 f f |p ric  |a Texas A&M University  |b Rellis Campus  |c Joint Library Facility  |d Remote Storage  |t 0  |e TA710 .A6  |h Library of Congress classification  |i unmediated -- volume  |k 26th  |l 1978  |m A14808750931 
952 f f |p ric  |a Texas A&M University  |b Rellis Campus  |c Joint Library Facility  |d Remote Storage  |t 0  |e TA710 .A6  |h Library of Congress classification  |i unmediated -- volume  |k 34th  |l 1986  |m A14810004079 
952 f f |p ric  |a Texas A&M University  |b Rellis Campus  |c Joint Library Facility  |d Remote Storage  |t 0  |e TA710 .A6  |h Library of Congress classification  |i unmediated -- volume  |k 2nd  |l 1954  |m A14812244324 
952 f f |p ric  |a Texas A&M University  |b Rellis Campus  |c Joint Library Facility  |d Remote Storage  |t 0  |e TA710 .A6  |h Library of Congress classification  |i unmediated -- volume  |k 24th  |l 1976  |m A14808307916 
952 f f |p ric  |a Texas A&M University  |b Rellis Campus  |c Joint Library Facility  |d Remote Storage  |t 0  |e TA710 .A6  |h Library of Congress classification  |i unmediated -- volume  |k 32nd  |l 1984  |m A14808418262 
998 f f |a TA710 .A6  |s 27th (1979);29th (1981)-36 (1988)  |t 0  |l Remote Storage